Tilastot visalle Indokiinan valtiot

Klikkaa tästä pelataksesi tätä visaa!

Yleistilastot

  • Tätä visaa on pelattu 328 kertaa
  • Keskiarvotulos 6 / 6

Vastaustilastot

Valtio% Oikein
Laos
97%
Vietnam
97%
Myanmar
95%
Thaimaa
95%
Kambodža
92%
Malesia
86%

Tulosjakauma

Persentiili vastausten määrän mukaan

Jokaisen tuloksen saaneiden osuus

Tuloshistoriasi

Et ole pelannut tätä visaa